Bola Keranjang (Record no. 89811)

MARC details
000 -LEADER
fixed length control field 00685nam a2200253 i 4500
001 - CONTROL NUMBER
control field C2-0283795
003 - CONTROL NUMBER IDENTIFIER
control field PPAK
005 - DATE AND TIME OF LATEST TRANSACTION
control field 20180728013753.0
008 - FIXED-LENGTH DATA ELEMENTS--GENERAL INFORMATION
fixed length control field 071122s2005 my a|||| ||||| | may d
020 ## - INTERNATIONAL STANDARD BOOK NUMBER
International Standard Book Number 9838475629 ; 9789838475624
040 ## - CATALOGING SOURCE
Original cataloging agency PPAK
Language of cataloging eng
Transcribing agency PPAK
Description conventions rda
082 04 - DEWEY DECIMAL CLASSIFICATION NUMBER
Classification number 796
Edition number 23
090 00 - LOCALLY ASSIGNED LC-TYPE CALL NUMBER (OCLC); LOCAL CALL NUMBER (RLIN)
Classification number (OCLC) (R) ; Classification number, CALL (RLIN) (NR) 796
Feature heading BOL
Feature heading K
245 00 - TITLE STATEMENT
Title Bola Keranjang
264 #1 - PRODUCTION, PUBLICATION, DISTRIBUTION, MANUFACTURE, AND COPYRIGHT NOTICE
Place of production, publication, distribution, manufacture Kepong, Selangor :
Name of producer, publisher, distributor, manufacturer Buku Must ,
Date of production, publication, distribution, manufacture, or copyright notice 2005
300 ## - PHYSICAL DESCRIPTION
Extent 70 pages :
Other physical details illustrations ;
Dimensions 22 cm
336 ## - CONTENT TYPE
Source rdacontent
Content type term text
337 ## - MEDIA TYPE
Source rdamedia
Media type term unmediated
338 ## - CARRIER TYPE
Source rdacarrier
Carrier type term volume
490 1# - SERIES STATEMENT
Series statement Siri kegiatan sukan
650 10 - SUBJECT ADDED ENTRY--TOPICAL TERM
Topical term or geographic name entry element Sport. ; Basketball.
830 #0 - SERIES ADDED ENTRY--UNIFORM TITLE
Uniform title Siri kegiatan sukan
942 ## - ADDED ENTRY ELEMENTS (KOHA)
-- dc
Koha item type Book
Holdings
Withdrawn Not for loan Current library Shelving location Date acquired Total Checkouts Full call number Barcode Date last seen Date last checked out Koha item type
    Perpustakaan Alor Setar Pinjaman Kanak-kanak 05/09/2017 1 K 796 BOL A00731512 05/05/2019 16/02/2019 Book
    Perpustakaan Merbok Pinjaman Kanak-kanak 10/02/2009   K 796 BOL A01262465 09/05/2018   Book
    Bergerak 3, Baling Pinjaman Kanak-kanak 22/11/2007   K 796 BOL A01209414 09/05/2018   Book
    Bergerak 5, Kulim Pinjaman Kanak-kanak 22/11/2007   K 796 BOL A01209416 09/05/2018   Book